Способи вираження концепту "Добро" англійською та українською мовами на основі тексту Євангеліє від Луки (Запис № 284972)
[ простий вигляд ]
| 000 -LEADER | |
|---|---|
| fixed length control field | 01717nam a22001577a 4500 |
| 041 ## - LANGUAGE CODE | |
| Language code of text/sound track or separate title | ukr |
| 080 ## - UNIVERSAL DECIMAL CLASSIFICATION NUMBER | |
| Universal Decimal Classification number | 09 |
| 090 ## - LOCALLY ASSIGNED LC-TYPE CALL NUMBER (OCLC); LOCAL CALL NUMBER (OCLC) | |
| Local cutter number (OCLC) ; Book number/undivided call number, CALL (RLIN) | ГРИ |
| 100 ## - MAIN ENTRY--PERSONAL NAME | |
| Personal name | Грищеня О. П. |
| 245 ## - TITLE STATEMENT | |
| Title | Способи вираження концепту "Добро" англійською та українською мовами на основі тексту Євангеліє від Луки |
| 260 ## - PUBLICATION, DISTRIBUTION, ETC. (IMPRINT) | |
| Place of publication, distribution, etc | Острог |
| Name of publisher, distributor, etc | КАФ |
| Date of publication, distribution, etc | 2012 |
| 300 ## - PHYSICAL DESCRIPTION | |
| Extent | 63 |
| 520 ## - SUMMARY, ETC. | |
| Summary, etc | РОЗДІЛ 1. ТЕОРЕТИЧНІ АСПЕКТИ ДОСЛІДЖЕННЯ КОНЦЕПТУ "ДОБРО".<br/>1.1. Концепт "добро" в контексті мовної та концептуальної картини світу.<br/>1.2. Концепт як обєкт досліджень в науці про мову.<br/>1.3. Загальнофілософські та оцінні уявлення про добро.<br/>1.4. Євангеліє від Луки – наука творити добро.<br/>РОЗДІЛ 2. СПОСОБИ ПЕРЕДАЧІ КОНЦЕПТУ "ДОБРО" АНГЛІЙСЬКОЮ ТА УКРАЇНСЬКОЮ МОВАМИ НА ОСНОВІ ТЕКСТУ ЄВАНГЕЛІЯ ВІД ЛУКИ.<br/>2.1. Вербалізація концепту "Добро" в англійській та українській мовах.<br/>2.2. Вираження концептів "good/добро" в англійскому й українському текстах Євангелія від Луки.<br/>2.3. Спільні та відмінні риси лексико-семантичного поля "good/добро" в англійській та українській мовах. |
| -- | добро, євангеліє |
| 650 ## - SUBJECT ADDED ENTRY--TOPICAL TERM | |
| Topical term or geographic name as entry element | Research Papers |
| 942 ## - ADDED ENTRY ELEMENTS (KOHA) | |
| Koha item type | Книги |
| Withdrawn status | Lost status | Source of classification or shelving scheme | Damaged status | Not for loan | Home library | Current library | Date acquired | Total Checkouts | Full call number | Barcode | Date last seen | Price effective from | Koha item type |
|---|---|---|---|---|---|---|---|---|---|---|---|---|---|
| Universal Decimal Classification | ВІЛ - Відділ іноземн. літератури НБ | ВІЛ - Відділ іноземн. літератури НБ | 12/02/2019 | 09 | 214976 | 09/11/2021 | 12/02/2019 | Книги |